Carta en el que el illustris. y Rev. Sr. D. Fr. Alonso de S. Thomas, obispo de Malaga, del Consejo de su Magestad, da noticia a su diocesis de la muerte de la reyna catholica Doña Maria Luisa de Orleans nuestra Señora. Encargando los sufragios, que se deben hazer en todas las iglesias

Detalles Bibliográficos
Autor principal: Alonso de Santo Tomás
Formato: Libro
Lenguaje:Undetermined
Spanish
Publicado: en Malaga : la imprimió Mateo Lopez Hidalgo, 1689.
Materias:
Colección:Banco de datos
Acervo:Biblioteca Palafoxiana. Colección bibliográfica
Descripción Física:14 p. ; 4°
Tema general:Cartas pastorales
Notas:Número de localización: 32207-T
LEADER 00831nam a2200181Ia 4500
008 150723s9999 xx 000 0 und d
041 0 |a spa 
050 0 |a PAFX D20 C3 
100 1 |a Alonso de Santo Tomás 
245 1 0 |a Carta en el que el illustris. y Rev. Sr. D. Fr. Alonso de S. Thomas, obispo de Malaga, del Consejo de su Magestad, da noticia a su diocesis de la muerte de la reyna catholica Doña Maria Luisa de Orleans nuestra Señora. Encargando los sufragios, que se deben hazer en todas las iglesias 
260 |a en Malaga : la imprimió Mateo Lopez Hidalgo, 1689. 
300 |a 14 p. ; 4° 
500 |a Número de localización: 32207-T 
501 |a Encuadernado con 22 obras y 8 manuscritos 
650 1 0 |a Cartas pastorales 
942 |c PALALIB 
943 |g Biblioteca Palafoxiana. Colección bibliográfica 
999 |c 1060775  |d 1060775